000 00597nam a2200193 a 4500
005 20210223120719.0
008 991125s1956 mx 000 0 spa u
035 _aUPN01000005977
049 _aCG
050 4 _aE16
_bJ3.2
100 1 _aJacobina Lacombe, Américo
245 1 0 _aBrasil :
_bperíodo nacional /
_cAmérico Jacobina Lacombe.
260 _aMéxico :
_bCultura,
_c1956.
300 _a166 p.
440 0 _aInstituto Panamericano de Geografía e Historia.
_pPublicación ;
_v184
651 4 _aAMERICA -
_xHISTORIOGRAFIA
_92663
651 4 _aBRASIL -
_xHISTORIOGRAFIA
_95470
905 _aLibro
999 _c5977
_d5977